000 01373nam a22002297a 4500
005 20240228141718.0
008 240228b |||||||| |||| 00| 0 eng d
037 _3Donación
040 _aCO-JMCR
_cCO-JMCR
_dCO-JMCR
_erda
041 _aspa
082 _aA-N
_bHAIa
100 _aHailey, Arthur
_eautor
_943516
245 _ael apagón /
_cArthur Hailey; traduccion de Maria C. Rezzano de Martini
246 _aOverload
260 _aBogotá:
_bCirculo de lectores,
_c1979
300 _a469 páginas;
_c20 cm.
520 _aApagón es la descripción de la más cruda realidad que conmociona al mundo. Es una obra maestra que nos muestra los más diversos personajes que, mezclados en múltiples circunstancias, tienen que ver con las labores de una renombrada empresa de energía eléctrica norteamericana dirigida por un hábil ejecutivo, la cual tiene un sinnúmero de problemas para poder suministrar el fluido eléctrico en un vasto Estado. Científicos, periodistas, hombres de radio y televisión, la OPEP, el FBI, terroristas, una joven inválida; el oro, el dólar y todas las posibles alternativas: la energía nuclear, geotérmica y solar entran en escena.
650 _2JMCR
_aCrisis energetica
_xNovela
_943517
650 _2JMCR
_aFuentes energéticas
_xLiteratura
_943518
700 _aRezzano de Martini, Maria C
_etraductor
_943519
942 _2ddc
_cBK
999 _c30698
_d17082